Metodología para la determinación de los rendimientos de las actividades constructivas de una línea de distribución eléctrica: aplicado al ejemplo práctico de la obra L.D. Chacarita-Palmar Norte del centro de servicio de construcción de la UEN PySA, ICE
Shranjeno v:
| Glavni avtor: | |
|---|---|
| Format: | Knjiga |
| Izdano: |
[San José, Costa Rica]
2008
|
| Teme: | |
| Oznake: |
Označite
Brez oznak, prvi označite!
|
MARC
| LEADER | 00000nam a2200000Ia 4500 | ||
|---|---|---|---|
| 003 | 001086 | ||
| 005 | 20221231144101.0 | ||
| 008 | 140114s2008 cr a 000 ||s d | ||
| 040 | |c cru CEDI | ||
| 090 | |a TFG 5611 | ||
| 100 | |a Cruz White, Armando |9 4442 | ||
| 245 | |a Metodología para la determinación de los rendimientos de las actividades constructivas de una línea de distribución eléctrica: aplicado al ejemplo práctico de la obra L.D. Chacarita-Palmar Norte del centro de servicio de construcción de la UEN PySA, ICE | ||
| 260 | |c 2008 |b [San José, Costa Rica] | ||
| 300 | |a xiii, 117 páginas, [79] hojas; ilustraciones (algunas a color), mapas color | ||
| 500 | |a Tesis (licenciatura en ingeniería civil)--Universidad de Costa Rica. Facultad de Ingeniería. Escuela de Ingeniería Civil | ||
| 650 | |x DISTRIBUCION DE ENERGIA ELECTRICA |x ELECTRICIDAD - DISPOSITIVOS DE DISTRIBUCION |9 4443 | ||
| 942 | |c TFG | ||
| 999 | |c 16650 |d 16650 | ||
